Statistiques concernant TOP5 des plus grandes écoles d'ingénieur en France

Cliquez ici pour prendre le quiz!

Statistiques générales

  • Ce quiz a été pris 139 fois
  • Le résultat moyen est 2 sur 5

Statistiques - réponses

HintRéponse% Correct
1Polytechnique
98%
3CentraleSupélec
59%
2Télécom Paris
26%
4Ecole des ponts
25%
5Ecole des mines
23%

Distribution des résultats

Percentile par nombre de réponses

% des personnes avec chaque résultat

Votre développement - résultats

Vous n’avez pas pris ce quiz